Prague. Czechoslovakia

Uložené v:
Podrobná bibliografia
Médium: Mapa
Jazyk:English
Vydané: Prague : Merkur, 1984.
Vydanie:1st ed.
ISBN: (brož.)
Fyzický popis: 1 mapa.
Tagy: Pridať tag
Žiadne tagy, Buďte prvý kto otaguje tento záznam!

MARC

LEADER 00000nem a22000001a 4500
001 000410049
005 20121113182506.0
008 100913s1984 xr e eng d
020 |a (brož.)  |c Kčs 21,00 
040 |a SVKKK  |b slo  |c SVKKK  |e AACR2 
041 0 |a eng 
043 |a e-xr--- 
044 |a xr  |c CZ 
245 0 0 |a Prague. Czechoslovakia  |h [kartografický dokument] 
250 |a 1st ed. 
260 |a Prague :  |b Merkur,  |c 1984. 
300 |a 1 mapa. 
910 |a svkkk 
998 |a BK 
090 |g SCKHL  |k Sklad Pribinova prízemie  |a IV.128533  |j 709860  |i B272257  |s Absenčne